000 00371nam a22001457a 4500
003 MACL
005 20190721155707.0
008 190719b xxu||||| |||| 00| 0 eng d
040 _cMACL
100 _aSrivastava, Shivendu K
_976026
245 _aCommercial use of Biodiversity
260 _aDelhi
_bSage
_c2016
650 _aBiological Resources
_976027
942 _2ddc
_cBK
999 _c60590
_d60590